San Cristóbal de Las Casas (Record no. 885)

MARC details
000 -CABECERA
campo de control de longitud fija 01005nam a2200265 a 4500
001 - NÚMERO DE CONTROL
campo de control BRCA_1004
005 - FECHA Y HORA DE LA ÚLTIMA TRANSACCIÓN
campo de control 20190320203235.0
008 - DATOS DE LONGITUD FIJA--INFORMACIÓN GENERAL
campo de control de longitud fija 920925s1991 mx-a---##b---#000-0#spa-d
020 ## - NÚMERO INTERNACIONAL ESTÁNDAR DEL LIBRO
Número Internacional Estándar del Libro 96865200508
040 ## - FUENTE DE LA CATALOGACIÓN
Centro catalogador/agencia de origen DLC
Centro/agencia transcriptor DLC
041 ## - CÓDIGO DE LENGUA
Código de lengua del texto/banda sonora o título independiente spa
044 ## - CÓDIGO DEL PAÍS DE LA ENTIDAD EDITORA/PRODUCTORA
Código MARC del país mx
050 #4 - SIGNATURA TOPOGRÁFICA DE LA BIBLIOTECA DEL CONGRESO
Número de clasificación F1391.C7
Número de documento/Ítem .C75 1991
245 10 - MENCIÓN DE TÍTULO
Título San Cristóbal de Las Casas
Resto del título ciudad real de las Chiapas
Mención de responsabilidad, etc. compilador Eraclio Zepeda ; colaboradores Juan B. Artigas ... [et al.] ; fotógrafos Lorenzo Armendáriz ... [et al.].
260 ## - PUBLICACIÓN, DISTRIBUCIÓN, ETC.
Lugar de publicación, distribución, etc. México
Nombre del editor, distribuidor, etc. Banco Internacional
Fecha de publicación, distribución, etc. 1991
300 ## - DESCRIPCIÓN FÍSICA
Extensión 203 p.
Otras características físicas il. a color
Dimensiones 33 cm.
500 ## - NOTA GENERAL
Nota general Incluye índice de fotografías
504 ## - NOTA DE BIBLIOGRAFÍA, ETC.
Nota de bibliografía, etc. Incluye referencias bibliográficas
651 #4 - PUNTO DE ACCESO ADICIONAL DE MATERIA--NOMBRE GEOGRÁFICO
Nombre geográfico San Cristóbal de Las Casas
Subdivisión general Descripción y viajes
Subdivisión geográfica Chiapas (México)
9 (RLIN) 3307
651 #4 - PUNTO DE ACCESO ADICIONAL DE MATERIA--NOMBRE GEOGRÁFICO
Nombre geográfico San Cristóbal de Las Casas
Subdivisión general Trabajos Ilustrados
Subdivisión geográfica Chiapas (México)
9 (RLIN) 3308
700 1# - PUNTO DE ACCESO ADICIONAL--NOMBRE DE PERSONA
Nombre de persona Zepeda, Eraclio
Término indicativo de función/relación comp.
9 (RLIN) 3309
700 1# - PUNTO DE ACCESO ADICIONAL--NOMBRE DE PERSONA
Nombre de persona Artigas H., Juan B.
9 (RLIN) 3310
700 1# - PUNTO DE ACCESO ADICIONAL--NOMBRE DE PERSONA
Nombre de persona Armendáriz, Lorenzo
9 (RLIN) 3311
942 ## - ELEMENTOS DE PUNTO DE ACCESO ADICIONAL (KOHA)
Fuente del sistema de clasificación o colocación Library of Congress Classification
Tipo de ítem Koha Libros
Holdings
Estado de retiro Estado de pérdida Estado dañado No para préstamo Localización permanente Ubicación/localización actual Fecha de adquisición Total de préstamos Signatura topográfica completa Código de barras Fecha visto por última vez Precio válido a partir de Tipo de ítem Koha
El ejemplar forma parte de la colección y puede ser consultado según las políticas vigentes.       Biblioteca del Museo Franz Mayer (Rogerio Casas-Alatriste) Biblioteca del Museo Franz Mayer (Rogerio Casas-Alatriste) 26/06/2008   F1391.C7 .C75 1991 01497 22/03/2019 22/03/2019 Libros